Hotel Maffija 2 - wszystkie numery z albumu - Statystyki

Ogólne statystyki
  • Ten quiz został rozwiązany 26 razy
  • Średni wynik to 20 z 24
Statystyki odpowiedzi
Numer Płyta Wykonawcy Tytuł utworów % Poprawnych
1. zwykła White 2115, Janusz Walczuk, Lanek, Bedoes, Jan-rapowanie, Kacperczyk, Białas, Adi Nowak, Fukaj, SKUTE BOBO, Beteo, Kinny Zimmer, Solar Parapetówa
100%
3. zwykła Bedoes, White 2115, Flexxy 2115, Kuqe 2115, BLACHA Agrest i bez
95%
6. zwykła Nypel, Białas, Lanek, Kinny Zimmer, Janusz Walczuk, Fukaj Droga Pani
95%
17. zwykła GOMBAO 33, White 2115, Wyguś, Szczepan, Tadeo, SKUTE BOBO, Janusz Walczuk Łyk i buch
95%
10. zwykła Solar Bania u Solara
90%
14. zwykła Kacperczyk, Białas, Adi Nowak, Janusz Walczuk Baśnie braci Kacperczyk
90%
8. zwykła Janusz Walczuk, Jan-rapowanie, Solar, Adi Nowak, Fukaj, Kacperczyk Śniadanie w hotelu
90%
2. zwykła Kinny Zimmer, Białas, Janusz Walczuk, Beteo, Adi Nowak Za karę
90%
7. zwykła SKUTE BOBO, Nypel, Beteo Zielona szkoła
90%
16. zwykła Kacperczyk Do zobaczenia
85%
19. zwykła White 2115, Białas, Kinny Zimmer, Bedoes Lawenda
85%
15. zwykła Bedoes, Fukaj, Jan-rapowanie Pancerz
85%
12. zwykła Lanek, Fukaj, Beteo, White 2115 Prometazyna
85%
21. 3 000 000 Deluxe Pliki, Nypel, Beteo, Adi Nowak, Janusz Walczuk 2kcal
80%
11. zwykła Solar, Jan-rapowanie, Bedoes, Białas, Janusz Walczuk Chodzę po Luwrze
80%
4. zwykła Lanek, Białas, Kinny Zimmer co to za bluza lanek?
80%
5. zwykła Kinny Zimmer, Białas, Janusz Walczuk, Solar, Bedoes, Flexxy 2115, Kuqe 2115, Blacha 2115, White 2115, Jan-Rapowanie, Fukaj Doba hotelowa
80%
22. 3 000 000 Deluxe Bedoes, White 2115, Flexxy 2115, Kuqe 2115, BLACHA Proste fakty
80%
13. zwykła Kacperczyk, Adi Nowak, Janusz Walczuk, Solar, White 2115, Fukaj Postanowienia noworoczne
75%
18. zwykła Nypel, Nowciax Szansa na suckes
75%
20. zwykła Lanek Wiatr wielkich zmian
75%
9. zwykła Białas, Janusz Walczuk, Adi Nowak, Fukaj, Kinny Zimmer, Kacperczyk, Lanek, Solar WROOBEL DAJ TO GŁOŚNIEJ
75%
23. 3 000 000 Deluxe Solar, KęKę, Białas, Kinny Zimmer, Marian Lichtman, Włodar TESTOSTERONOWY DON
70%
24. 3 000 000 Deluxe Solar, Kuqe 2115, Lanek, Kacperczyk Mała chmurka
55%
Nie znaleziono quizów pasujących do podanych kryteriów
Rozkład punktacji
Procent ludzi z każdym wynikiem
Percentyl według liczby udzielonych odpowiedzi
Twoja historia wyników
Nie rozwiązałeś tego quizu